000 00683nam a22002297a 4500
003 UA-OsUOA
001 49574
007 ta
008 20140109b un ||||| |||| 00| 0 ukr d
090 _a082
_bИ99
942 _cBK
040 _aUA-OsUOA
_bukr
_cUA-OsUOA
_dUA-OsUOA
245 _aІсторія української археографії
_bПерсоналії
_nВипуск 1
300 _a97 с.
955 _a1
041 _aukr
080 _a082
260 _aК.
_c1993
650 7 _a08 Видання. Колективні праці
_2UDC
999 _c429696
_d429696